Klicke die Länder Europas auf einer Karte - Statistiken

Allgemein
  • Dieses Quiz wurde 1.555 mal gespielt
  • Das Durchschnittsergebnis liegt bei 36 aus 45
Antworten auf der Karte
Die Antworten werden auf der Karte rot bzw. grün angezeigt, abhängig davon wie oft sie richtig erraten wurden.
 
Antwortstatistiken
Antwort % Korrekt
Spanien
88%
Deutschland
87%
Russland
87%
Dänemark
86%
Frankreich
86%
Griechenland
86%
Italien
86%
Vereinigtes Königreich
86%
Irland
85%
Island
85%
Luxemburg
85%
Niederlande
85%
Norwegen
85%
Österreich
85%
Polen
85%
Portugal
85%
Schweden
85%
Schweiz
85%
Ukraine
85%
Finnland
84%
Liechtenstein
84%
Tschechien
84%
Belgien
83%
Estland
83%
Vatikanstadt
83%
Andorra
82%
Belarus
82%
Kroatien
82%
Malta
82%
Monaco
82%
Lettland
81%
Litauen
80%
Rumänien
80%
San Marino
78%
Ungarn
76%
Bosnien und Herzegowina
75%
Moldawien
75%
Slowakei
74%
Albanien
73%
Serbien
73%
Slowenien
72%
Bulgarien
71%
Kosovo
71%
Nordmazedonien
69%
Montenegro
66%
Keine übereinstimmenden Quizze gefunden
Verteilung der Resultate
Anzahl Personen mit jedem Resultat
Perzentil nach korrekt beantworteten Fragen
Ihre Resultats-Entwicklung
Sie haben dieses Quiz noch nicht gespielt